La búsqueda de la gratuidad en la Educación Superior: aportes desde una mirada creyente. Documento de trabajo
Uloženo v:
| Hlavní autoři: | , |
|---|---|
| Médium: | Kniha |
| Jazyk: | španělština |
| Vydáno: |
Santiago
Arzobispado de Santiago
2016
|
| Vydání: | 1a. ed |
| Edice: | Educación de Calidad para el Chile de Hoy, 6
|
| Témata: | |
| Tagy: |
Přidat tag
Žádné tagy, Buďte první, kdo vytvoří štítek k tomuto záznamu!
|
MARC
| LEADER | 00000cam a2200000 a 4500 | ||
|---|---|---|---|
| 001 | UCD9454 | ||
| 003 | CL-VaPUC | ||
| 008 | 170626e20160000cl |||||||||||||||||spa|d | ||
| 082 | 0 | 4 | |a 378 |b SCH |2 21 |
| 100 | 0 | |a Scherz T., Tomás |e author |9 593176 | |
| 700 | 0 | |a Bernasconi R., Andrés |e author |9 593177 | |
| 245 | 1 | 3 | |a La búsqueda de la gratuidad en la Educación Superior: aportes desde una mirada creyente. Documento de trabajo |
| 250 | |a 1a. ed | ||
| 300 | |a 39 p | ||
| 942 | |c BK | ||
| 945 | |d 20170626 01:10:00 |a dcastane | ||
| 260 | |a Santiago |b Arzobispado de Santiago |c 2016 | ||
| 650 | 0 | |a Educación superior |9 223851 | |
| 650 | 0 | |a Universidades |9 256317 | |
| 650 | 0 | |a Calidad de la educación |9 307271 | |
| 650 | 7 | |a GRATUIDAD |2 CL-VaPUC |9 452641 | |
| 583 | |a last modification |c 20170626 01:10:00 |k Rodrigo Vera | ||
| 490 | 0 | |a Educación de Calidad para el Chile de Hoy, 6 | |
| 999 | |c 368645 |d 368643 | ||
| 952 | |0 0 |1 0 |3 erb |4 0 |6 378_000000000000000_SCH_2016 |7 0 |8 A |9 484013 |a BIBTEO |b BIBTEO |i 5399572 |o 378 SCH 2016 |p 5399572 |r 2025-01-17 |w 2019-11-24 |y BK |z Catalogado en:20170626 |k ICR | ||
| 952 | |0 0 |1 0 |3 erb |4 0 |6 378_000000000000000_SCH_2016 |7 0 |8 A |9 484014 |a BIBTEO |b BIBTEO |i 5399564 |o 378 SCH 2016 |p 5399564 |r 2025-01-17 |w 2019-11-24 |y BK |z Catalogado en:20170626 |k ICR | ||
| 952 | |0 0 |1 0 |3 erb |4 0 |6 378_000000000000000_SCH_2016 |7 0 |8 A |9 484015 |a BIBTEO |b BIBTEO |i 5399556 |o 378 SCH 2016 |p 5399556 |r 2025-01-17 |w 2019-11-24 |y BK |z Catalogado en:20170626 |k ICR | ||
| 952 | |0 0 |1 0 |3 erb |4 0 |6 378_000000000000000_SCH_2016 |7 0 |8 A |9 484016 |a BIBTEO |b BIBTEO |i 5399548 |o 378 SCH 2016 |p 5399548 |r 2025-01-17 |w 2019-11-24 |y BK |z Catalogado en:20170626 |k ICR | ||
| 952 | |0 0 |1 0 |3 erb |4 0 |6 378_000000000000000_SCH_2016 |7 0 |8 A |9 484017 |a BIBTEO |b BIBTEO |i 539953K |o 378 SCH 2016 |p 539953K |r 2025-01-17 |w 2019-11-24 |y BK |z Catalogado en:20170626 |k ICR | ||
| 952 | |0 0 |1 0 |3 erb |4 0 |6 378_000000000000000_SCH_2016 |7 0 |8 A |9 484018 |a BIBTEO |b BIBTEO |i 5399521 |o 378 SCH 2016 |p 5399521 |r 2025-01-17 |w 2019-11-24 |y BK |z Catalogado en:20170626 |k ICR | ||
| 952 | |0 0 |1 0 |3 erb |4 0 |6 378_000000000000000_SCH_2016 |7 0 |8 A |9 484019 |a BIBTEO |b BIBTEO |i 5399513 |o 378 SCH 2016 |p 5399513 |r 2025-01-17 |w 2019-11-24 |y BK |z Catalogado en:20170626 |k ICR | ||
| 952 | |0 0 |1 0 |3 erb |4 0 |6 378_000000000000000_SCH_2016 |7 0 |8 A |9 484020 |a BIBTEO |b BIBTEO |i 5399505 |o 378 SCH 2016 |p 5399505 |r 2025-01-17 |w 2019-11-24 |y BK |z Catalogado en:20170626 |k ICR | ||
| 952 | |0 0 |1 0 |3 erb |4 0 |6 378_000000000000000_SCH_2016 |7 0 |8 A |9 484021 |a BIBTEO |b BIBTEO |i 5399491 |o 378 SCH 2016 |p 5399491 |r 2025-01-17 |w 2019-11-24 |y BK |z Catalogado en:20170626 |k ICR | ||
| 952 | |0 0 |1 0 |3 erb |4 0 |6 378_000000000000000_SCH_2016 |7 0 |8 A |9 484022 |a BIBTEO |b BIBTEO |i 5399483 |o 378 SCH 2016 |p 5399483 |r 2025-01-17 |w 2019-11-24 |y BK |z Catalogado en:20170626 |k ICR | ||
| 952 | |0 0 |1 0 |3 erb |4 0 |6 378_000000000000000_SCH_2016 |7 0 |8 A |9 484023 |a BIBTEO |b BIBTEO |i 5399475 |o 378 SCH 2016 |p 5399475 |r 2025-01-17 |w 2019-11-24 |y BK |z Catalogado en:20170626 |k ICR | ||
| 952 | |0 0 |1 0 |3 erb |4 0 |6 378_000000000000000_SCH_2016 |7 0 |8 A |9 484024 |a BIBTEO |b BIBTEO |i 5399467 |o 378 SCH 2016 |p 5399467 |r 2025-01-17 |w 2019-11-24 |y BK |z Catalogado en:20170626 |k ICR | ||
| 952 | |0 0 |1 0 |3 erb |4 0 |6 378_000000000000000_SCH_2016 |7 0 |8 A |9 484025 |a BIBTEO |b BIBTEO |i 5399459 |o 378 SCH 2016 |p 5399459 |r 2025-01-17 |w 2019-11-24 |y BK |z Catalogado en:20170626 |k ICR | ||
| 952 | |0 0 |1 0 |3 erb |4 0 |6 378_000000000000000_SCH_2016 |7 0 |8 A |9 484026 |a BIBTEO |b BIBTEO |i 5399440 |o 378 SCH 2016 |p 5399440 |r 2025-01-17 |w 2019-11-24 |y BK |z Catalogado en:20170626 |k ICR | ||
| 952 | |0 0 |1 0 |3 erb |4 0 |6 378_000000000000000_SCH_2016 |7 0 |8 A |9 484027 |a BIBTEO |b BIBTEO |i 5399432 |o 378 SCH 2016 |p 5399432 |r 2025-01-17 |w 2019-11-24 |y BK |z Catalogado en:20170626 |k ICR | ||
| 952 | |0 0 |1 0 |3 erb |4 0 |6 378_000000000000000_SCH_2016 |7 0 |8 A |9 484028 |a BIBTEO |b BIBTEO |i 5399424 |o 378 SCH 2016 |p 5399424 |r 2025-01-17 |w 2019-11-24 |y BK |z Catalogado en:20170626 |k ICR | ||
| 952 | |0 0 |1 0 |3 erb |4 0 |6 378_000000000000000_SCH_2016 |7 0 |8 A |9 484029 |a BIBTEO |b BIBTEO |i 5399416 |o 378 SCH 2016 |p 5399416 |r 2025-01-17 |w 2019-11-24 |y BK |z Catalogado en:20170626 |k ICR | ||
| 952 | |0 0 |1 0 |3 erb |4 0 |6 378_000000000000000_SCH_2016 |7 0 |8 A |9 484030 |a BIBTEO |b BIBTEO |i 5399408 |o 378 SCH 2016 |p 5399408 |r 2025-01-17 |w 2019-11-24 |y BK |z Catalogado en:20170626 |k ICR | ||
| 952 | |0 0 |1 0 |3 erb |4 0 |6 378_000000000000000_SCH_2016 |7 0 |8 A |9 484031 |a BIBTEO |b BIBTEO |i 5399394 |o 378 SCH 2016 |p 5399394 |r 2025-01-17 |w 2019-11-24 |y BK |z Catalogado en:20170626 |k ICR | ||
| 952 | |0 0 |1 0 |3 erb |4 0 |6 378_000000000000000_SCH_2016 |7 0 |8 A |9 484032 |a BIBTEO |b BIBTEO |i 5399386 |o 378 SCH 2016 |p 5399386 |r 2025-01-17 |w 2019-11-24 |y BK |z Catalogado en:20170626 |k ICR | ||
| 952 | |0 0 |1 0 |3 erb |4 0 |6 378_000000000000000_SCH_2016 |7 0 |8 A |9 484033 |a BIBTEO |b BIBTEO |i 5399378 |o 378 SCH 2016 |p 5399378 |r 2025-01-17 |w 2019-11-24 |y BK |z Catalogado en:20170626 |k ICR | ||
| 952 | |0 0 |1 0 |3 erb |4 0 |6 378_000000000000000_SCH_2016 |7 0 |8 A |9 484034 |a BIBTEO |b BIBTEO |i 539936K |o 378 SCH 2016 |p 539936K |r 2025-01-17 |w 2019-11-24 |y BK |z Catalogado en:20170626 |k ICR | ||
| 952 | |0 0 |1 0 |3 erb |4 0 |6 378_000000000000000_SCH_2016 |7 0 |8 A |9 484035 |a BIBTEO |b BIBTEO |i 5399351 |o 378 SCH 2016 |p 5399351 |r 2025-01-17 |w 2019-11-24 |y BK |z Catalogado en:20170626 |k ICR | ||